[Event "Washington G/60 Championships"]
[Site "Seattle, WA"]
[Date "2015.12.28"]
[Round "1"]
[White "Velea Stephanie  (WA)"]
[Black "Reeves Jasen  (WA)"]
[Result "0-1"]
[WhiteElo "978"]
[BlackElo "1241"]
[Annotator ""]
[Source ""]
[Remark ""]

1.e4 e5 2.Nf3 Nc6 3.Nc3 Nf6 4.Bb5 a6 5.Bxc6 dxc6 6.Nxe5 Qd4 7.Nf3
Qd8 8.O-O Bb4 9.d3 Bg4 10.Bg5 Qd6 11.e5 Bxf3 12.exd6 Bxd1 13.Re1+
Kd7 14.Raxd1 cxd6 15.Ne4 Bxe1 16.Rxe1 Nxe4 17.Rxe4 f6 18.Be3
d5 19.Rg4 g6 20.Bd4 Rhe8 21.h3 f5 22.Rf4 h5 23.f3 Re2 24.c4 Rd2
25.g4 Rxd3 26.Bc3 d4 27.Bb4 0-1

[Event "Washington G/60 Championships"]
[Site "Seattle, WA"]
[Date "2015.12.28"]
[Round "1"]
[White "Kypriotakis Kyriakos  (OR)"]
[Black "Zhang Brendan  (WA)"]
[Result "0-1"]
[WhiteElo "1069"]
[BlackElo "1924"]
[Annotator ""]
[Source ""]
[Remark ""]

1.e4 c5 2.d4 cxd4 3.c3 dxc3 4.Nxc3 Nc6 5.Nf3 e6 6.Bc4 Bb4 7.O-O
a6 8.Qe2 Qc7 9.Nd5 exd5 10.exd5+ Nce7 11.Bd2 Bxd2 12.Qxd2 Qxc4
13.Rfe1 d6 14.b3 Qb5 15.Rac1 Bf5 16.Qd4 Kf8 17.Rc4 Qxd5 18.Qb6
g6 19.Rc7 Kg7 20.Qb4 Re8 21.Nd4 Be6 22.Qc3 Nf6 23.Rd1 Rc8 24.Re1
Rhe8 25.g4 Rxc7 26.Nxe6+ Qxe6 27.Qa5 Qxg4+ 28.Kh1 Qf3+ 29.Kg1
Ng4 30.Qd2 Qxf2+ 0-1

[Event "Washington G/60 Championships"]
[Site "Seattle, WA"]
[Date "2015.12.28"]
[Round "1"]
[White "Chetrari Nikita  (WA)"]
[Black "Xiao Alison  (WA)"]
[Result "1-0"]
[WhiteElo "2302"]
[BlackElo "1129"]
[Annotator ""]
[Source ""]
[Remark ""]

1.e4 e6 2.d4 d5 3.Nc3 Nf6 4.e5 Nfd7 5.f4 c5 6.Nf3 Nc6 7.Be3 Qb6
8.a3 cxd4 9.Nxd4 Nxd4 10.Bxd4 Bc5 11.Nb5 O-O 12.b4 Bxd4 13.Qxd4
Qxd4 14.Nxd4 a6 15.Bd3 Re8 16.Kd2 f6 17.exf6 Nxf6 18.Rhe1 Bd7
19.Re2 Re7 20.Rae1 Rae8 21.Nf5 d4 22.Nxe7+ Rxe7 23.Bc4 Ba4 24.Rxe6
Rxe6 25.Rxe6 Kf8 26.Kd3 b5 27.Bb3 Bxb3 28.cxb3 Nd5 29.g3 Kf7
30.Rxa6 Nc7 31.Ra7 1-0

[Event "Washington G/60 Championships"]
[Site "Seattle, WA"]
[Date "2015.12.28"]
[Round "1"]
[White "Siek Justin  (ID)"]
[Black " Jain Eva  (WA)"]
[Result "1-0"]
[WhiteElo "1270"]
[BlackElo "544"]
[Annotator ""]
[Source ""]
[Remark ""]

1.e4 d6 2.d4 Nf6 3.Nc3 Nbd7 4.Nf3 e5 5.d5 Be7 6.Bd3 O-O 7.O-O
c6 8.h3 cxd5 9.exd5 Nc5 10.Bc4 Qc7 11.Bb3 Bf5 12.Nd2 Rac8 13.Re1
Qa5 14.Nc4 Qc7 15.f3 Nxb3 16.axb3 Qc5+ 17.Be3 Qc7 18.Rxa7 Qd7
19.Nb6 Qc7 20.Nxc8 Rxc8 21.Re2 Qd7 22.Qa1 Bxh3 23.gxh3 Qxh3 24.Rxb7
Qg3+ 25.Rg2 Qxf3 26.Qa7 Bf8 27.Bg5 Ng4 28.Rb8 Rxb8 29.Qxb8 h6
30.Be7 Ne3 31.Qxf8+ Kh7 32.Qxg7# 1-0

[Event "Washington G/60 Championships"]
[Site "Seattle, WA"]
[Date "2015.12.28"]
[Round "1"]
[White "Vijayakumar Advaith  (WA)"]
[Black "Petrov Oscar  (WA)"]
[Result "0-1"]
[WhiteElo "1003"]
[BlackElo "1738"]
[Annotator ""]
[Source ""]
[Remark ""]

1.d4 d5 2.Bf4 Nf6 3.e3 Bf5 4.Nf3 e6 5.c4 Bb4+ 6.Nbd2 O-O 7.a3
Bd6 8.Bg3 Nbd7 9.Be2 Qe7 10.O-O c5 11.cxd5 exd5 12.Rc1 c4 13.Bxd6
Qxd6 14.Re1 h6 15.Nf1 b5 16.Ng3 Bh7 17.Qd2 a5 18.Bd1 Rfe8 19.Bc2
Ne4 20.Qe2 b4 21.axb4 axb4 22.Nd2 Ndf6 23.Bxe4 Nxe4 24.Ndxe4
Rxe4 25.Nxe4 Bxe4 26.f3 Bd3 27.Qf2 f5 28.Qg3 Qxg3 29.hxg3 Ra2
30.Rb1 Kf7 31.Kh2 g5 32.g4 fxg4 33.fxg4 Be4 34.g3 Bxb1 35.Rxb1
c3 36.Kg2 Rxb2+ 37.Rxb2 cxb2 0-1

[Event "Washington G/60 Championships"]
[Site "Seattle, WA"]
[Date "2015.12.28"]
[Round "1"]
[White "Cobden Graham  (WA)"]
[Black "Davies Cedric  (WA)"]
[Result "0-1"]
[WhiteElo "971"]
[BlackElo "1715"]
[Annotator ""]
[Source ""]
[Remark ""]

1.e4 e6 2.d4 d5 3.e5 c5 4.Nf3 Nc6 5.Bb5 Bd7 6.Bxc6 Bxc6 7.Be3
Ne7 8.Bg5 Qb6 9.b3 Nf5 10.c3 cxd4 11.Nxd4 Nxd4 12.cxd4 Bb4+ 13.Kf1
Bb5+ 14.Kg1 Rc8 15.Be3 O-O 16.Nd2 Bc3 17.Rc1 Bxd4 18.Bxd4 Qxd4
19.Nf3 Qb2 20.Rb1 Qxa2 21.h3 Be2 22.Ra1 Bxd1 23.Rxa2 a6 24.Nd4
Rc3 25.Kh2 Rd3 26.Ra1 Rxd4 27.Rhxd1 Rxd1 28.Rxd1 Rc8 29.Kg1 Kf8
30.Kf1 Ke7 31.Ke2 Rc2+ 32.Ke3 Rc3+ 33.Rd3 Rxd3+ 34.Kxd3 f6 35.f4
fxe5 36.fxe5 b6 37.g4 Kf7 38.h4 Kg6 39.Ke3 h5 40.Kf4 hxg4 41.Kxg4
a5 42.h5+ Kh6 0-1

[Event "Washington G/60 Championships"]
[Site "Seattle, WA"]
[Date "2015.12.28"]
[Round "1"]
[White "Jain Krish  (WA)"]
[Black "Perez Ignacio  (WA)"]
[Result "0-1"]
[WhiteElo "1122"]
[BlackElo "2269"]
[Annotator ""]
[Source ""]
[Remark ""]

1.d4 Nf6 2.c4 g6 3.Nf3 Bg7 4.g3 c5 5.d5 b5 6.cxb5 Qa5+ 7.Bd2
Qxb5 8.Bc3 d6 9.Bg2 O-O 10.O-O Bb7 11.Ne1 Na6 12.Na3 Qd7 13.Nec2
Nc7 14.e4 Rab8 15.Qd2 Nb5 16.Nxb5 Qxb5 17.Na3 Qa4 18.Rfe1 Nd7
19.Bxg7 Kxg7 20.Qc3+ Kg8 21.Nc4 Ba6 22.b3 Qb4 23.Qxb4 Rxb4 24.Na5
Ne5 25.f4 Rb5 26.fxe5 Rxa5 27.exd6 exd6 28.e5 Rd8 29.e6 Bd3 30.Rad1
Bf5 31.Rd2 Re8 32.Rde2 fxe6 33.dxe6 Re7 34.Kf2 Kg7 35.Kf3 d5
36.g4 Be4+ 37.Kf4 Bxg2 38.Rxg2 Ra6 39.Rge2 d4 40.Re5 Rc6 41.g5
d3 42.Rd5 c4 43.bxc4 Rxc4+ 44.Ke5 Rc6 45.Rd6 Rc5+ 46.Rd5 d2 47.Rd1
Rc3 48.R1xd2 Re3+ 49.Kf4 R3xe6 50.Rd7 Kf8 51.Rxe7 Kxe7 52.Kf3
Ra6 53.Re2+ Kd6 54.Ke3 Ra5 55.Rg2 Ke5 56.Kf3 Kf5 57.h4 Ra3+ 58.Kf2
Rxa2+ 59.Kg1 Rxg2+ 60.Kxg2 Kg4 0-1

[Event "Washington G/60 Championships"]
[Site "Seattle, WA"]
[Date "2015.12.28"]
[Round "2"]
[White "Barua Aniruddha  (WA)"]
[Black "Tu Kevin  (WA)"]
[Result "1-0"]
[WhiteElo "1184"]
[BlackElo "1501"]
[Annotator ""]
[Source ""]
[Remark ""]

1.e4 c5 2.Nf3 d6 3.Bb5+ Bd7 4.Bxd7+ Nxd7 5.O-O Ngf6 6.Re1 g6
7.c3 Bg7 8.d4 cxd4 9.cxd4 O-O 10.Nc3 Re8 11.Bg5 Nf8 12.Qd2 a6
13.Rad1 b5 14.Bh6 Qc7 15.Bxg7 Kxg7 16.Qf4 e5 17.Qxf6+ Kxf6 18.Nd5+
Kg7 19.Nxc7 Ne6 20.Nxa8 Rxa8 21.dxe5 dxe5 22.Nxe5 Rc8 23.Rd2
Ng5 24.h4 Ne6 25.g3 f6 26.Rd7+ Kh6 27.Ng4+ 1-0

[Event "Washington G/60 Championships"]
[Site "Seattle, WA"]
[Date "2015.12.28"]
[Round "2"]
[White "Tran Samuel  (WA)"]
[Black "Kypriotakis Kyriakos  (OR)"]
[Result "1-0"]
[WhiteElo "849"]
[BlackElo "1069"]
[Annotator ""]
[Source ""]
[Remark ""]

1.e4 e6 2.d4 d5 3.Nc3 Nf6 4.exd5 exd5 5.Bd3 Bd6 6.Nge2 O-O 7.O-O
Bg4 8.Re1 Nc6 9.Bg5 Nxd4 10.Bxh7+ Kxh7 11.Qxd4 c6 12.Bxf6 gxf6
13.Qxg4 Rg8 14.Qh5+ Kg7 15.Ng3 Rh8 16.Nf5+ Kg8 17.Qg4+ Kf8 1-0

[Event "Washington G/60 Championships"]
[Site "Seattle, WA"]
[Date "2015.12.28"]
[Round "2"]
[White "Perez Ignacio  (WA)"]
[Black "Truelson Joseph  (MN)"]
[Result "1-0"]
[WhiteElo "2269"]
[BlackElo "1682"]
[Annotator ""]
[Source ""]
[Remark ""]

1.e4 e5 2.Nf3 Nf6 3.d3 Nc6 4.g3 Bc5 5.Bg2 d6 6.c3 O-O 7.O-O Bg4
8.h3 Bxf3 9.Qxf3 Qd7 10.Nd2 h6 11.Nc4 b5 12.Ne3 Ne7 13.a4 a6
14.Rd1 Qe6 15.d4 Bb6 16.Nf5 Rad8 17.d5 Qd7 18.Nxh6+ Kh7 19.axb5
axb5 20.Bf1 gxh6 21.Qxf6 Ng6 22.Rd3 Qe7 23.Qf5 Kg7 24.Rf3 b4
25.cxb4 Ra8 26.Raa3 Rh8 27.Bb5 Ra7 28.h4 Qf8 29.Qf6+ Kg8 30.h5
Ne7 31.Bd7 Rh7 32.Bf5 Nxf5 33.Rxf5 Qg7 34.Qd8+ Qf8 35.Qd7 Rb7
36.Kg2 Rb8 37.g4 f6 38.Qe6+ Kg7 39.g5 hxg5 40.Bxg5 Re8 41.Bxf6+ 1-0

[Event "Washington G/60 Championships"]
[Site "Seattle, WA"]
[Date "2015.12.28"]
[Round "2"]
[White "Hadzic Huso  (WA)"]
[Black "Bai Raymond  (WA)"]
[Result "1-0"]
[WhiteElo "2153"]
[BlackElo "387"]
[Annotator ""]
[Source ""]
[Remark ""]

1.e4 e5 2.Nf3 Nc6 3.Bb5 Nf6 4.Qe2 Bc5 5.O-O d6 6.c3 O-O 7.b4
Bb6 8.a4 a6 9.Bc4 Bg4 10.a5 Ba7 11.h3 Bxf3 12.Qxf3 b5 13.axb6
Bxb6 14.Rxa6 Rxa6 15.Bxa6 d5 16.d3 d4 17.Bb7 Ne7 18.c4 Qb8 19.Ba6
Qa8 20.b5 Nd7 21.Ba3 c5 22.bxc6 Nc5 23.Bb7 Qb8 24.Nd2 Qc7 25.Rb1
Nxc6 26.Bxc5 Bxc5 27.Bxc6 Qxc6 28.Rb5 Ra8 29.Nb3 Bd6 30.Qe2 Rb8
31.Na5 Qa8 32.Qb2 h6 33.Rxb8+ Bxb8 34.Qb5 Bc7 35.Nb3 Qa2 36.Nc5
Qa1+ 37.Kh2 Qc1 38.Qe8+ Kh7 39.Qxf7 Qd2 40.Ne6 Ba5 41.Qxg7# 1-0

[Event "Washington G/60 Championships"]
[Site "Seattle, WA"]
[Date "2015.12.28"]
[Round "2"]
[White "Hendricks David  (WA)"]
[Black "Chetrari Nikita  (WA)"]
[Result "1/2-1/2"]
[WhiteElo "1670"]
[BlackElo "2302"]
[Annotator ""]
[Source ""]
[Remark ""]

1.d4 d5 2.Bf4 Nf6 3.e3 Bf5 4.Nf3 e6 5.c4 c6 6.Nc3 Be7 7.h3 h6
8.Qb3 Qc8 9.Rc1 O-O 10.Be2 a5 11.O-O dxc4 12.Bxc4 b5 13.Be2 a4
14.Qd1 Qb7 15.Ne5 Nbd7 16.Bf3 Nxe5 17.Bxe5 Nd7 18.Bh2 Rac8 19.Qe2
Qa7 20.Ne4 Bxe4 21.Bxe4 Qb6 22.Rc2 c5 23.Rfc1 Rcd8 24.dxc5 Nxc5
25.Bf3 e5 26.Bxe5 Nd3 27.Bc7 Nxc1 28.Rxc1 Qe6 29.Bxd8 Rxd8 30.Qxb5
Qxa2 31.Qb7 Bf6 32.Rc8 Qb1+ 33.Kh2 Qd3 34.Rxd8+ Qxd8 35.Qb4 Qc7+
36.g3 Qc2 37.Kg2 Qb3 38.Qxb3 axb3 39.Bd5 Bxb2 40.Bxb3 Kf8 41.f4
Ke7 42.e4 Bc3 43.Kf3 Bd4 44.e5 Bc5 45.Ke4 Bb4 46.f5 Bc3 47.g4
Bb2 48.h4 Bc1 49.h5 Bb2 50.Bc4 f6 51.e6 Bc1 52.Bb5 Bd2 53.Bc4
Bc1 1/2-1/2

[Event "Washington G/60 Championships"]
[Site "Seattle, WA"]
[Date "2015.12.29"]
[Round "4"]
[White "Huang Andy  (WA)"]
[Black "Hadzic Huso  (WA)"]
[Result "0-1"]
[WhiteElo "1280"]
[BlackElo "2153"]
[Annotator ""]
[Source ""]
[Remark ""]

1.e4 c5 2.Nf3 Nc6 3.d4 cxd4 4.Nxd4 g6 5.Nc3 Bg7 6.Be3 Nf6 7.Bc4
O-O 8.h3 Nxe4 9.Bxf7+ Rxf7 10.Nxe4 Qb6 11.Ng5 Bxd4 12.Bxd4 Qxd4
13.Nxf7 Kxf7 14.Qxd4 Nxd4 15.O-O-O Nc6 16.Rhe1 d6 17.Re3 Bd7
18.Rf3+ Kg7 19.Re3 Rf8 20.Rde1 Rxf2 21.Rxe7+ Nxe7 22.Rxe7+ Rf7
23.Re2 Bc6 24.Kd2 h5 25.Kc3 Rf4 26.b4 Kf6 27.Rd2 Ke5 28.Re2+
Re4 29.Rf2 Re3+ 30.Kd2 Rg3 31.Re2+ Be4 32.c3 Rxg2 33.Rxg2 Bxg2
34.Ke3 Bxh3 35.Kf3 h4 36.a4 Bd7 37.a5 g5 38.c4 g4+ 39.Kg2 Bc6+
40.Kh2 g3+ 41.Kh3 a6 42.Kxh4 g2 43.Kh5 g1Q 44.Kh4 Kf4 45.Kh5
Qg5# 0-1

[Event "Washington G/60 Championships"]
[Site "Seattle, WA"]
[Date "2015.12.29"]
[Round "4"]
[White "Hazra Rishi  (WA)"]
[Black "Cobden Graham  (WA)"]
[Result "1/2-1/2"]
[WhiteElo "828"]
[BlackElo "971"]
[Annotator ""]
[Source ""]
[Remark ""]

1.d4 d5 2.c4 c6 3.Nf3 Bf5 4.Nc3 Nf6 5.e3 e6 6.Bd3 Bxd3 7.Qxd3
Bb4 8.O-O Bxc3 9.Qxc3 Nbd7 10.Bd2 Ne4 11.Qc2 Nxd2 12.Nxd2 Rc8
13.Qb3 Qb6 14.c5 Qxb3 15.Nxb3 O-O 16.Rfe1 Nf6 17.f3 Rfe8 18.e4
dxe4 19.fxe4 e5 20.Rad1 Rcd8 21.Na5 Rxd4 22.Rxd4 exd4 23.Nxb7
Rxe4 24.Rd1 Kf8 25.Nd6 Re2 26.Rxd4 Rxb2 27.Ra4 Rc2 28.Rxa7 Rxc5
29.Rc7 h6 30.Kf2 Rc2+ 31.Kg3 Rxa2 32.Rxc6 Ra3+ 33.Kh4 Ra4+ 1/2-1/2

[Event "Washington G/60 Championships"]
[Site "Seattle, WA"]
[Date "2015.12.29"]
[Round "4"]
[White "Barua Aniruddha  (WA)"]
[Black "Siek Justin  (ID)"]
[Result "1-0"]
[WhiteElo "1184"]
[BlackElo "1270"]
[Annotator ""]
[Source ""]
[Remark ""]

1.e4 e5 2.Nf3 Nc6 3.d4 exd4 4.Nxd4 Bc5 5.Be3 Qf6 6.c3 Nge7 7.Bc4
O-O 8.O-O d6 9.f3 Re8 10.b4 Bxd4 11.Bxd4 Nxd4 12.Qxd4 Qxd4+ 13.cxd4
Nc6 14.Bb5 Bd7 15.Bxc6 Bxc6 16.a4 Rac8 17.Nc3 Bd7 18.d5 f5 19.Rae1
a6 20.Kf2 c6 21.dxc6 Rxc6 22.Rc1 fxe4 23.Nxe4 Rec8 24.Rxc6 Rxc6
25.Rd1 Rc2+ 26.Kg3 Bxa4 27.Nxd6 Rb2 28.Rc1 Kf8 29.Nxb7 Rxb4 30.Nc5
a5 31.Ra1 Bb5 32.Rxa5 Kf7 33.Nb7 Bc6 34.Nd6+ Ke6 35.Nc8 Kd7 36.Rc5
Kxc8 37.Rxc6+ Kd7 1-0

[Event "Washington G/60 Championships"]
[Site "Seattle, WA"]
[Date "2015.12.29"]
[Round "4"]
[White "Perez Ignacio  (WA)"]
[Black "Vrana Rudy  (WA)"]
[Result "1/2-1/2"]
[WhiteElo "2269"]
[BlackElo "2146"]
[Annotator ""]
[Source ""]
[Remark ""]

1.d4 Nf6 2.c4 c5 3.e3 e6 4.Nc3 b6 5.Nf3 d6 6.Bd3 Be7 7.O-O O-O
8.Qe2 Nbd7 9.Rd1 Bb7 10.b3 Re8 11.Bb2 Bf8 12.Rac1 a6 13.Bb1 Qc7
14.d5 e5 15.a4 g6 16.Ng5 Bg7 17.Rf1 Re7 18.f4 exf4 19.Rxf4 Rae8
20.Nce4 Nxe4 21.Nxe4 f5 22.Bxg7 Rxg7 23.Ng5 Nf8 24.e4 h6 25.Nh3
Bc8 26.Rcf1 g5 27.R4f2 Qf7 28.a5 bxa5 29.Qd2 f4 1/2-1/2

[Event "Washington G/60 Championships"]
[Site "Seattle, WA"]
[Date "2015.12.29"]
[Round "4"]
[White "Kypriotakis Kyriakos  (OR)"]
[Black "Velea Sophie  (WA)"]
[Result "0-1"]
[WhiteElo "1069"]
[BlackElo "822"]
[Annotator ""]
[Source ""]
[Remark ""]

1.e4 c5 2.d4 cxd4 3.c3 dxc3 4.Nxc3 Nc6 5.Nf3 e5 6.Bc4 Be7 7.O-O
Nf6 8.Qe2 d6 9.Rd1 Bg4 10.Be3 O-O 11.Rac1 Qc7 12.Bb3 Rfd8 13.h3
Bh5 14.Qc4 h6 15.g4 Bg6 16.Nh4 Kh8 17.Nxg6+ fxg6 18.Qe6 Qd7 19.Qf7
Qe8 20.g5 Qxf7 21.Bxf7 hxg5 22.Bxg5 Kh7 23.Nd5 Nxd5 24.exd5 Nd4
25.Bxe7 Rd7 26.Bxd6 Rxf7 27.Kf1 Rd8 28.Bxe5 Nf3 29.Bg3 Rfd7 30.d6
Kg8 31.Rc7 Rxc7 32.dxc7 Rxd1+ 33.Kg2 Rc1 34.Kxf3 Kf7 35.Ke4 Ke7
36.Kd5 Kd7 37.Ke4 Rc2 38.Be5 Rxf2 39.Ke3 Rf1 0-1

[Event "Washington G/60 Championships"]
[Site "Seattle, WA"]
[Date "2015.12.29"]
[Round "4"]
[White "Mathews Daniel  (WA)"]
[Black "Jiang Andrew  (WA)"]
[Result "1-0"]
[WhiteElo "1724"]
[BlackElo "1027"]
[Annotator ""]
[Source ""]
[Remark ""]

1.d4 Nf6 2.c4 g6 3.Nc3 Bg7 4.e4 d6 5.Be2 Nbd7 6.Bf3 e5 7.Nge2
b6 8.Be3 Bb7 9.d5 a6 10.Qd2 Qe7 11.Nc1 O-O-O 12.Nd3 Kb8 13.a4
a5 14.b4 axb4 15.Nxb4 Nc5 16.Bxc5 dxc5 17.Nd3 Ba6 18.Qa2 c6 19.a5
b5 20.cxb5 cxb5 21.Nxb5 Bxb5 22.Rb1 Qb7 23.Nxc5 Qe7 24.Rxb5+
Ka8 25.O-O Rc8 26.Nd3 Rc3 27.Qe2 Ne8 28.Nb4 Nd6 29.Rb6 Qa7 30.Nc6
Rxc6 31.Rxc6 Qxa5 32.Ra6+ Qxa6 33.Qxa6+ 1-0

[Event "Washington G/60 Championships"]
[Site "Seattle, WA"]
[Date "2015.12.29"]
[Round "4"]
[White "Davies Cedric  (WA)"]
[Black "Zarzhevskiy Jacob  (WA)"]
[Result "0-1"]
[WhiteElo "1715"]
[BlackElo "1230"]
[Annotator ""]
[Source ""]
[Remark ""]

1.e4 d6 2.d4 Nf6 3.Nc3 g6 4.f4 Bg7 5.Nf3 O-O 6.Bc4 c5 7.O-O cxd4
8.Nxd4 Nc6 9.Nxc6 bxc6 10.e5 Bg4 11.Qe1 dxe5 12.fxe5 Qd4+ 13.Kh1
Qxc4 14.exf6 Bxf6 15.Rf4 Qe6 16.Re4 Qd7 17.Bh6 Rfd8 18.h3 Bf5
19.Re2 Rab8 20.Rd1 Qb7 21.Bc1 Rd7 22.Na4 Rxd1 23.Qxd1 Qb5 24.b3
Qd5 25.Rd2 Qe6 26.Re2 Qc8 27.Bb2 Bxb2 28.Nxb2 Be6 29.Qd4 Qa6
30.Nd3 Qb6 31.Nc5 Rd8 32.Qc3 Rd1+ 33.Kh2 Qc7+ 34.g3 Bd5 35.Re1
Rxe1 36.Qxe1 Qd6 37.Qe3 Qf6 38.Qe2 Qf3 39.Qxf3 Bxf3 40.Kg1 Bd1
41.c3 Kg7 42.Kf2 Bc2 43.Ke3 Bf5 44.h4 Kf6 45.Kf4 e5+ 46.Ke3 Ke7
47.Ne4 Bxe4 48.Kxe4 0-1

[Event "Washington G/60 Championships"]
[Site "Seattle, WA"]
[Date "2015.12.29"]
[Round "4"]
[White "Jain Krish  (WA)"]
[Black "Rigby Alden  (WA)"]
[Result "1-0"]
[WhiteElo "1122"]
[BlackElo "691"]
[Annotator ""]
[Source ""]
[Remark ""]

1.d4 Nf6 2.c4 g6 3.Nf3 Bg7 4.g3 O-O 5.Bg2 d6 6.O-O c5 7.d5 e6
8.Nc3 Re8 9.Re1 exd5 10.cxd5 Bg4 11.Bg5 h6 12.Bf4 Kh7 13.Qc2
Nbd7 14.Bxd6 Bxf3 15.Bxf3 Nb6 16.Bxc5 Nbxd5 17.Nxd5 Nxd5 18.Red1
Qc7 19.Rxd5 b6 20.Rc1 bxc5 21.Rxc5 Qxc5 22.Qxc5 Rac8 23.Qxc8
Rxc8 24.Rxc8 Bxb2 25.Rc7 Bd4 26.Rxf7+ Kg8 27.Bd5 Kh8 28.Kg2 a5
29.Kf3 h5 30.e4 g5 31.g4 h4 32.h3 Be5 33.Rf5 Bf4 34.Rxf4 gxf4
35.Kxf4 Kg7 36.Kg5 a4 37.e5 a3 38.e6 Kf8 39.Kf6 Kg8 40.e7+ Kh7
41.e8Q Kh6 42.Qg6# 1-0

[Event "Washington G/60 Championships"]
[Site "Seattle, WA"]
[Date "2015.12.29"]
[Round "4"]
[White "Velea Anne-Marie  (WA)"]
[Black "Hendricks David  (WA)"]
[Result "0-1"]
[WhiteElo "1012"]
[BlackElo "1670"]
[Annotator ""]
[Source ""]
[Remark ""]

1.e4 c5 2.Nf3 Nc6 3.Nc3 e6 4.d4 cxd4 5.Nxd4 Nf6 6.Be3 Bb4 7.Bd3
e5 8.Nf3 d5 9.exd5 Nxd5 10.Bd2 Nxc3 11.Bxc3 Bxc3+ 12.bxc3 Qa5
13.Qd2 Bg4 14.Rg1 Rd8 15.c4 Qc5 16.Qg5 Bxf3 17.gxf3 g6 18.Qe3
Qa5+ 19.Qd2 Qxd2+ 20.Kxd2 Nd4 21.Rg3 f5 22.c3 Nxf3+ 23.Rxf3 e4
24.Re3 Kf7 25.Rb1 b6 26.Kc2 exd3+ 27.Rxd3 Rxd3 28.Kxd3 Rd8+ 29.Kc2
f4 30.Rd1 Rxd1 31.Kxd1 Ke6 32.Ke2 Kd6 33.Kd3 Kc5 34.f3 g5 35.h3
a5 36.a3 a4 37.Kc2 Kxc4 38.Kb2 Kd3 39.c4 Kxc4 40.Kc2 b5 41.Kb2
Kd3 42.Kc1 Ke3 43.Kd1 Kxf3 44.Ke1 Kg2 45.Ke2 f3+ 46.Ke1 f2+ 47.Kd2
f1Q 48.Kc3 Qc4+ 49.Kd2 Qb3 50.Ke2 Qc3 51.Kd1 Qb2 52.Ke1 Kf3 53.Kd1
Ke3 54.Ke1 Qe2# 0-1

[Event "Washington G/60 Championships"]
[Site "Seattle, WA"]
[Date "2015.12.28"]
[Round "3"]
[White "Velea Sophie  (WA)"]
[Black "Rigby Alden  (WA)"]
[Result "1-0"]
[WhiteElo "822"]
[BlackElo "691"]
[Annotator ""]
[Source ""]
[Remark ""]

1.e4 c5 2.Nf3 d6 3.Bb5+ Qd7 4.Bxd7+ Bxd7 5.Nc3 Nf6 6.d3 g6 7.Bg5
Bg7 8.Qd2 O-O 9.Bxf6 Bxf6 10.Nd5 Bxb2 11.Rb1 Ba3 12.O-O Nc6 13.Qh6
Be6 14.Ng5 Rfc8 15.Qxh7+ Kf8 16.Qh8# 1-0

[Event "Washington G/60 Championships"]
[Site "Seattle, WA"]
[Date "2015.12.28"]
[Round "3"]
[White "Mayer Jacob  (MN)"]
[Black "Barua Aniruddha  (WA)"]
[Result "1-0"]
[WhiteElo "1762"]
[BlackElo "1184"]
[Annotator ""]
[Source ""]
[Remark ""]

1.e4 e5 2.Nf3 Nc6 3.d4 exd4 4.Bc4 Nf6 5.e5 Ne4 6.Bd5 Nc5 7.O-O
Ne6 8.Re1 Be7 9.Nbd2 O-O 10.Nb3 d3 11.c3 b6 12.Qxd3 a5 13.Be4
g6 14.Bh6 Re8 15.Nfd4 Bb7 16.Nxe6 dxe6 17.Qg3 Qc8 18.h4 Bf8 19.Bg5
Bg7 20.Bf6 Ne7 21.Nd4 Bxe4 22.Rxe4 Qb7 23.Rae1 Nd5 24.Bxg7 Kxg7
25.h5 Ne7 26.Qg5 Ng8 27.hxg6 h6 28.Qg4 Qd5 29.gxf7+ Kxf7 30.Rd1
Rf8 31.Rf4+ Ke8 32.Rxf8+ 1-0

[Event "Washington G/60 Championships"]
[Site "Seattle, WA"]
[Date "2015.12.28"]
[Round "3"]
[White "Hendricks David  (WA)"]
[Black "Hadzic Huso  (WA)"]
[Result "0-1"]
[WhiteElo "1670"]
[BlackElo "2153"]
[Annotator ""]
[Source ""]
[Remark ""]

1.d4 Nf6 2.Bf4 d5 3.e3 Bf5 4.c4 e6 5.Qb3 Nbd7 6.Qxb7 Rb8 7.Qxc7
Qxc7 8.Bxc7 Rxb2 9.Nd2 Bb4 10.Ngf3 Ne4 11.Rd1 Bg4 12.Be2 Bxf3
13.Bxf3 Nxd2 14.Ke2 Ne4+ 15.Kf1 Nxf2 16.Kg1 Nxd1 17.Bxd1 O-O
18.c5 Bd2 19.Bf4 e5 20.dxe5 Nxc5 21.Kf2 g5 22.Bg3 f5 23.Kf3 g4+
24.Kf2 Ne4+ 25.Ke2 Bb4+ 26.Kf1 Rc8 27.Be1 Rc1 28.Bxb4 Rxd1+ 29.Be1
Rf2+ 0-1

[Event "Washington G/60 Championships"]
[Site "Seattle, WA"]
[Date "2015.12.28"]
[Round "3"]
[White "Sunku Charith  (WA)"]
[Black "Petrov Oscar  (WA)"]
[Result "0-1"]
[WhiteElo "1025"]
[BlackElo "1738"]
[Annotator ""]
[Source ""]
[Remark ""]

1.e4 c5 2.Nc3 Nc6 3.f4 g6 4.Nf3 Bg7 5.Bc4 e6 6.d3 Nge7 7.O-O
O-O 8.f5 d5 9.Bb3 Nd4 10.Ne2 Nxf3+ 11.gxf3 exf5 12.exd5 Nxd5
13.Kh1 b5 14.c4 Nb6 15.cxb5 Bb7 16.Rb1 Qh4 17.Bf4 g5 18.Bd6 g4
19.Bg3 gxf3 20.Ng1 f2+ 21.Nf3 Qg4 22.Rxf2 f4 23.Bh4 Qxh4 24.Qg1
Qh5 25.Rbf1 Kh8 26.Bd1 Bd4 0-1

[Event "Washington G/60 Championships"]
[Site "Seattle, WA"]
[Date "2015.12.28"]
[Round "3"]
[White "Reeves Jasen  (WA)"]
[Black "Kaelin Alex  (WA)"]
[Result "1-0"]
[WhiteElo "1241"]
[BlackElo "781"]
[Annotator ""]
[Source ""]
[Remark ""]

1.d4 d5 2.c4 c6 3.cxd5 cxd5 4.Nc3 Nc6 5.Bf4 a6 6.e3 Bf5 7.Qb3
e6 8.Qxb7 Nb4 9.O-O-O Qc8 10.Qxc8+ Rxc8 11.Kd2 a5 12.a3 Nc6 13.Bd3
Bxd3 14.Kxd3 Nf6 15.Nf3 Be7 16.Rc1 h6 17.Ke2 g5 18.Bg3 g4 19.Ne5
Nxe5 20.Bxe5 Kd7 21.Na4 Rxc1 22.Rxc1 Rg8 23.Nb6+ Ke8 24.Rc8+
Bd8 25.Bxf6 1-0

[Event "Washington G/60 Championships"]
[Site "Seattle, WA"]
[Date "2015.12.28"]
[Round "3"]
[White "Vrana Rudy  (WA)"]
[Black "Davies Cedric  (WA)"]
[Result "1-0"]
[WhiteElo "2146"]
[BlackElo "1715"]
[Annotator ""]
[Source ""]
[Remark ""]

1.c4 e5 2.Nc3 Nc6 3.g3 f5 4.Bg2 Nf6 5.e3 Bb4 6.Nge2 O-O 7.O-O
Kh8 8.d4 d6 9.a3 Bxc3 10.Nxc3 e4 11.b4 a6 12.b5 axb5 13.cxb5
Na5 14.a4 d5 15.Ba3 Rf7 16.Qc2 c6 17.Rfb1 Rc7 18.Bc5 Nc4 19.Bf1
b6 20.Bxc4 bxc5 21.Be2 cxd4 22.exd4 cxb5 23.axb5 Be6 24.Rxa8
Qxa8 25.b6 Rb7 26.Na4 Nd7 27.Qc6 Bf7 28.Rc1 Be8 29.Bb5 Nf6 30.Qe6
Bxb5 31.Rc8+ 1-0

[Event "Washington G/60 Championships"]
[Site "Seattle, WA"]
[Date "2015.12.28"]
[Round "3"]
[White "Siek Justin  (ID)"]
[Black "Bai Raymond  (WA)"]
[Result "1/2-1/2"]
[WhiteElo "1270"]
[BlackElo "387"]
[Annotator ""]
[Source ""]
[Remark ""]

1.e4 e5 2.Nf3 Nc6 3.Bc4 Nf6 4.Nc3 Nxe4 5.Nxe4 d5 6.Bd3 dxe4 7.Bxe4
Bg4 8.O-O f5 9.Bxc6+ bxc6 10.d3 e4 11.dxe4 Qxd1 12.Rxd1 fxe4
13.Rd4 Bxf3 14.gxf3 exf3 15.Re4+ Be7 16.Bg5 Rb8 17.Rxe7+ Kf8
18.Rd1 h6 19.Red7 Kg8 20.Rd8+ Kh7 21.Rxh8+ Rxh8 22.Bf4 Rf8 23.Bxc7
Rf5 24.h4 g5 25.hxg5 Rxg5+ 26.Kh2 Rg2+ 27.Kh3 Rxf2 28.Kg3 Rxc2
29.Rd7+ Kg6 30.Kxf3 Rxb2 31.Rd6+ Kg5 32.Rxc6 Rb5 33.Bf4+ Kf5
34.Bxh6 Rd5 35.Ra6 Rd3+ 36.Kf2 Ke4 37.Rxa7 Rh3 1/2-1/2

[Event "Washington G/60 Championships"]
[Site "Seattle, WA"]
[Date "2015.12.28"]
[Round "3"]
[White "Tu Robin  (WA)"]
[Black "Perez Ignacio  (WA)"]
[Result "0-1"]
[WhiteElo "1771"]
[BlackElo "2269"]
[Annotator ""]
[Source ""]
[Remark ""]

1.e4 d6 2.d4 g6 3.Nc3 Bg7 4.f4 Nd7 5.Nf3 c5 6.dxc5 Nxc5 7.Bc4
Nh6 8.e5 O-O 9.O-O dxe5 10.Nxe5 Be6 11.Bxe6 Nxe6 12.Qf3 Nf5 13.Qxb7
Qd4+ 14.Kh1 Rab8 15.Qe4 Rfc8 16.Qxd4 Nexd4 17.Rf2 e6 18.g4 Nh4
19.Be3 Bxe5 20.fxe5 Ndf3 21.Raf1 Rxb2 22.Ne4 Rcxc2 23.Bxa7 Rxa2
24.Nf6+ Kg7 25.Ne8+ Kf8 26.Nf6 Rxf2 27.Bxf2 Kg7 28.Ne8+ Kh6 29.h3
g5 30.Nd6 Kg6 31.Ne4 Re2 32.Nd6 Nd2 33.Bxh4 Nxf1 34.Kg1 gxh4
35.Kxf1 Rxe5 36.Kf2 Ra5 37.Ne4 Ra2+ 38.Kf3 Ra3+ 39.Kg2 f6 40.Nf2
Rg3+ 41.Kh2 Re3 42.Kg2 Re2 43.Kf3 Rxf2+ 44.Kxf2 h5 45.Kf3 Kg5
46.gxh5 Kxh5 47.Kf4 f5 48.Kf3 Kg5 49.Ke3 e5 50.Kf3 e4+ 51.Ke3
Kg6 52.Kf4 Kf6 0-1

[Event "Washington G/60 Championships"]
[Site "Seattle, WA"]
[Date "2015.12.28"]
[Round "3"]
[White "Kypriotakis Kyriakos  (OR)"]
[Black "Velea Stephanie  (WA)"]
[Result "1-0"]
[WhiteElo "1069"]
[BlackElo "978"]
[Annotator ""]
[Source ""]
[Remark ""]

1.e4 e5 2.Bc4 Nf6 3.d3 Nc6 4.Nf3 d5 5.exd5 Nxd5 6.O-O Bc5 7.Re1
Bg4 8.h3 Bxf3 9.Qxf3 Nf6 10.Nc3 O-O 11.Bg5 Be7 12.Qg3 Nd4 13.Rac1
Nh5 14.Bxe7 Nxg3 15.Bxd8 Raxd8 16.fxg3 Rfe8 17.Ne4 b5 18.Bb3
a5 19.Ng5 Nxb3 20.axb3 f6 21.Nf3 c5 22.c3 Rxd3 23.Rcd1 Red8 24.Rxd3
Rxd3 25.Kf2 b4 26.Ke2 e4 27.Nd2 bxc3 28.Nxe4 Rd5 29.bxc3 Re5
30.Kd3 f5 31.g4 fxe4+ 32.Rxe4 Rg5 33.Kc4 h5 34.h4 Rg6 35.Re5
Rxg4+ 36.Kxc5 Rxh4 37.Kb5 Rg4 38.Re2 Rg3 39.Rc2 Rg5+ 40.Ka4 Rc5
41.c4 Kf8 42.Rd2 Ke8 43.Rd5 Rxd5 44.cxd5 Kd7 45.Kxa5 Kc7 46.b4
Kd7 47.b5 Kc7 48.b6+ Kb7 49.d6 Kc6 50.Ka6 Kxd6 51.Ka7 Ke6 52.b7
Kd7 53.b8Q Ke6 54.Qf8 1-0